LEADER 00945nam a2200229 i 4500 001 000000081342 003 CaOOAMICUS 005 20180412000000.0 008 180412s1846 xx u000 u fre u 013 $a53582 040 $aSeMil$bita 100 1 $aBourdon, Pierre Louis Marie,$d<1779-1854>.$0(OLS)http://semarc/name/91661 245 10$aÉléments d'arithmétique /$cpar M. Bourdon ; Ouvrage adopté par l'Université. 250 $a21. éd. revue et corrigée. 260 $aParis :$bBachelier,$c1846. 300 $axii, 410 p. ;$c21 cm. 650 4$aMatematica.$0(OLS)http://semarc/subject/1227 650 4$aAritmetica - Opere anteriori al 1900.$0(OLS)http://semarc/subject/4038 850 $aSeMil 852 $aSeMil$W1$xVenegono$y1$m3W III 28 FA$j46596$B46596$CSeMilBibl$Z2$F48941 $8I 996 $6245$aÉléments d'arithmétique$9(OLS)http://semarc/title/404466 996 $6260$aParis :$bBachelier$9(OLS)http://semarc/publisher/31407 LEADER 00470nab a2200145 i 4500 001 000000268666 003 CaOOAMICUS 005 20190415095520.0 008 080430n xx uu u0 0und r 013 $a14203 040 $aSeMil$bita 245 10$aSettembre-Ottobre. 773 0 $tAnno 1923.$dMilano ; Roma ; Napoli : Società Editrice Dante Alighieri di Albrighi, Segati & C., 1923.$w()171517 996 $6245$aSettembre-Ottobre$9(OLS)http://semarc/title/351391